[Event "Moscow ol (Men)"]
[Site "Moscow"]
[Date "1994.??.??"]
[Round "13"]
[White "Serper, Grigory"]
[Black "Lanka, Zigurds"]
[Result "1/2-1/2"]
[WhiteElo "2575"]
[BlackElo "2540"]
[PlyCount "75"]
[EventDate "1994.11.??"]
[Source "ChessBase"]

1. d4 Nf6 2. c4 g6 3. Nc3 Bg7 4. e4 d6 5. Be2 O-O 6. Be3 e5 7. d5 a5 8. g4 Na6 9. f3 c6 10. Nh3 Nc5 11. Nf2 a4 12. Qd2 Bd7 13. Nd3 Nxd3+ 14. Bxd3 cxd5 15. cxd5 Rc8 16. Ne2 a3 17. Rb1 h5 18. g5 Nh7 19. bxa3 Ra8 20. Rxb7 Bh3 21. Rg1 Rxa3 22. Nc3 Qa8 23. Rb3 Rxb3 24. axb3 f6 25. gxf6 Rxf6 26. Be2 Qb7 27. Nb5 Bf8 28. Qa5 Qf7 29. Qd8 Kh8 30. Bh6 Rxf3 31. Bxf8 Nxf8 32. Nxd6 Qf4 33. Bxf3 Qe3+ 34. Be2 Qc1+ 35. Bd1 Qe3+ 36. Be2 Qc1+ 37. Kf2 Qf4+ 38. Ke1 1/2-1/2

[Event "ch-UKR"]
[Site "Simferopol"]
[Date "2003.11.04"]
[Round "1"]
[White "Kuzmin, Gennadi P"]
[Black "Efimenko, Zahar"]
[Result "1/2-1/2"]
[WhiteElo "2520"]
[BlackElo "2547"]
[PlyCount "44"]
[EventDate "2003.11.04"]
[Source "Roberto Alvarez"]
[SourceDate "2003.12.22"]

1. d4 Nf6 2. c4 g6 3. Nc3 Bg7 4. e4 d6 5. Be2 O-O 6. Be3 e5 7. d5 a5 8. h4 h5 9. Nh3 c6 10. Ng5 cxd5 11. cxd5 Na6 12. f3 Bd7 13. Na4 Bxa4 14. Qxa4 Nc5 15. Qb5 Rc8 16. O-O Nh7 17. Bd2 b6 18. g3 Nxg5 19. Bxg5 f6 20. Be3 Kh7 21. b4 axb4 22. Qxb4 Bh6 1/2-1/2

[Event "Clichy"]
[Site "Clichy FRA"]
[Date "1993.??.??"]
[Round "5"]
[White "Flear, Glenn C"]
[Black "Renet, Olivier"]
[Result "1-0"]
[WhiteElo "2515"]
[BlackElo "2535"]
[PlyCount "81"]
[EventDate "1993.??.??"]
[Source "www.chesslib.no"]
[SourceDate "2004.05.04"]

1. d4 Nf6 2. c4 g6 3. Nc3 Bg7 4. e4 d6 5. Be2 O-O 6. Be3 e5 7. d5 Nbd7 8. g4 Nc5 9. f3 a5 10. h4 h5 11. g5 Nh7 12. Nh3 f6 13. Qd2 Bxh3 14. Rxh3 fxg5 15. hxg5 a4 16. O-O-O Rf4 17. Rg1 Qe7 18. Bd1 a3 19. b4 Nd7 20. Nb5 Nb6 21. Qd3 Nxg5 22. Rhg3 Bf6 23. c5 Na4 24. Bxa4 Rxa4 25. Bxf4 exf4 26. Rxg5 Bxg5 27. e5 Kh7 28. exd6 cxd6 29. c6 Rxb4 30. c7 Rxb5 31. c8=Q Rc5+ 32. Qxc5 dxc5 33. d6 Qe5 34. Rxg5 Qxg5 35. Qe4 Kh6 36. d7 Qf6 37. Qd5 Qb2+ 38. Kd1 Qb1+ 39. Ke2 Qc2+ 40. Qd2 Qc4+ 41. Kf2 1-0

[Event "Andorra la Vella op 20th"]
[Site "Andorra la Vella"]
[Date "2002.07.14"]
[Round "9"]
[White "Conquest, Stuart"]
[Black "Comas Fabrego, Luis"]
[Result "1-0"]
[WhiteElo "2542"]
[BlackElo "2503"]
[PlyCount "69"]
[EventDate "2002.07.06"]
[Source "ChessBase"]
[SourceDate "2002.09.11"]

1. d4 Nf6 2. c4 g6 3. Nc3 Bg7 4. e4 d6 5. Be2 O-O 6. Be3 e5 7. d5 c6 8. g4 cxd5 9. cxd5 Qa5 10. Kf1 Na6 11. a3 Bd7 12. g5 Ne8 13. h4 f5 14. Nf3 Rc8 15. h5 Rxc3 16. bxc3 f4 17. Bxa7 Nac7 18. Bb8 Na6 19. hxg6 hxg6 20. Nh4 f3 21. Bxf3 Nxb8 22. Nxg6 Rf7 23. Kg2 Ba4 24. Qd2 Nd7 25. Rh4 Nf8 26. Bh5 Qd8 27. Rah1 Nc7 28. Qe3 Bc2 29. c4 b5 30. Nxf8 Rxf8 31. Rc1 Rf4 32. Rxf4 exf4 33. Qxf4 Bxe4+ 34. f3 Be5 35. Qxe4 1-0

[Event "Copenhagen K41"]
[Site "Copenhagen"]
[Date "1995.??.??"]
[Round "7"]
[White "Petursson, Margeir"]
[Black "Mortensen, Erling"]
[Result "1-0"]
[WhiteElo "2535"]
[BlackElo "2500"]
[PlyCount "83"]
[EventDate "1995.06.??"]
[Source "ChessBase"]

1. c4 g6 2. d4 Nf6 3. Nc3 Bg7 4. e4 d6 5. Be2 O-O 6. Be3 e5 7. d5 Na6 8. Nf3 Ng4 9. Bg5 f6 10. Bh4 Nh6 11. Nd2 Nf7 12. O-O h5 13. h3 Bh6 14. Rb1 c5 15. a3 Bf4 16. Bg3 Kg7 17. Nb3 f5 18. exf5 Bxf5 19. Bd3 Ng5 20. h4 Nh7 21. Bxf5 Rxf5 22. Ne4 Nc7 23. Nbd2 Ne8 24. Bxf4 exf4 25. Nf3 Nef6 26. Re1 Nxe4 27. Rxe4 g5 28. hxg5 Nxg5 29. Nxg5 Qxg5 30. Qf3 Raf8 31. Rbe1 R8f7 32. Re6 R5f6 33. Rxf6 Rxf6 34. Re7+ Rf7 35. Qc3+ Kg6 36. Re8 Rg7 37. Qh3 Kh7 38. Rf8 Re7 39. Rf5 Qg6 40. Rxh5+ Kg8 41. Rh4 Qe4 42. Rh8+ 1-0

[Event "Moscow ol (Men)"]
[Site "Moscow"]
[Date "1994.??.??"]
[Round "12"]
[White "Serper, Grigory"]
[Black "Hug, Werner"]
[Result "1-0"]
[WhiteElo "2575"]
[BlackElo "2445"]
[PlyCount "77"]
[EventDate "1994.11.??"]
[Source "ChessBase"]

1. c4 g6 2. e4 Bg7 3. d4 d6 4. Nc3 Nf6 5. Be2 O-O 6. Be3 a6 7. Nf3 Bg4 8. O-O Nfd7 9. Qb3 Nc6 10. Rfd1 Rb8 11. c5 dxc5 12. dxc5 e6 13. Ne1 Bxe2 14. Nxe2 Qe7 15. Rac1 Rfd8 16. Nf3 Nde5 17. Nxe5 Nxe5 18. h3 g5 19. Bd4 Nc6 20. Bxg7 Kxg7 21. Rxd8 Qxd8 22. Ng3 Qd4 23. Rd1 Qxc5 24. Nh5+ Kg6 25. Qf3 Qe5 26. Rd7 Rf8 27. g4 Nd4 28. Qe3 c5 29. Rxb7 Rb8 30. f4 gxf4 31. Nxf4+ Kg7 32. Nd3 Nf3+ 33. Kf1 Qg3 34. Rxb8 Nh2+ 35. Ke2 Qxb8 36. Qg5+ Kf8 37. Qxc5+ Kg8 38. Qg5+ Kf8 39. Qe5 1-0

[Event "Hastings Challengers 9091"]
[Site "Hastings"]
[Date "1990.??.??"]
[Round "?"]
[White "Sadler, Matthew"]
[Black "Krasenkow, Michal"]
[Result "1-0"]
[WhiteElo "2470"]
[BlackElo "2535"]
[PlyCount "97"]
[EventDate "1990.12.??"]
[Source "ChessBase"]

1. d4 Nf6 2. c4 g6 3. Nc3 Bg7 4. e4 d6 5. Be2 O-O 6. Be3 e5 7. d5 c6 8. g4 Qa5 9. Kf1 cxd5 10. cxd5 Na6 11. a3 Bd7 12. g5 Ne8 13. b4 Qd8 14. h4 f6 15. Nf3 Bg4 16. Rc1 Nac7 17. Nd2 Bxe2+ 18. Qxe2 Qd7 19. Nb3 a6 20. Na5 Nb5 21. Nxb5 axb5 22. Kg2 fxg5 23. hxg5 Rc8 24. Rxc8 Qxc8 25. Rc1 Qd7 26. Kg3 Nc7 27. Qg4 Qe7 28. Nxb7 Nxd5 29. exd5 Qxb7 30. Qe6+ Kh8 31. Rh1 Qf7 32. Qxf7 Rxf7 33. Rc1 Rf8 34. Rc6 e4 35. Rb6 Be5+ 36. Kg4 Ra8 37. Rxb5 Rxa3 38. Rb7 Rd3 39. b5 Bd4 40. b6 Bxe3 41. fxe3 Rb3 42. Kf4 Rb4 43. Rb8+ Kg7 44. b7 h5 45. gxh6+ Kh7 46. Kg5 Rb5 47. Kf6 Rb1 48. Ke6 Rb6 49. Kd7 1-0

[Event "EU-chT (Men)"]
[Site "Haifa"]
[Date "1989.??.??"]
[Round "3"]
[White "Hort, Vlastimil"]
[Black "Zueger, Beat"]
[Result "1/2-1/2"]
[WhiteElo "2570"]
[BlackElo "2435"]
[PlyCount "45"]
[EventDate "1989.11.??"]
[Source "ChessBase"]

1. d4 Nf6 2. c4 g6 3. Nc3 Bg7 4. e4 d6 5. Be2 O-O 6. Be3 c5 7. d5 e6 8. Nf3 exd5 9. exd5 Bg4 10. O-O Nbd7 11. h3 Bxf3 12. Bxf3 a6 13. a4 Ne8 14. Qd2 f5 15. Rfe1 Qh4 16. Bf4 Ne5 17. Be2 Nf7 18. Bf1 Bd4 19. g3 Qd8 20. Be3 Ne5 21. Be2 Bxe3 22. Qxe3 g5 23. f4 1/2-1/2

[Event "WchJ"]
[Site "Calicut WchJ"]
[Date "1993.??.??"]
[Round "11"]
[White "Sadler, Matthew"]
[Black "Istratescu, Andrei"]
[Result "1-0"]
[WhiteElo "2535"]
[BlackElo "2470"]
[PlyCount "101"]
[EventDate "1993.??.??"]
[Source "www.chesslib.no"]
[SourceDate "2004.05.04"]

1. d4 Nf6 2. c4 g6 3. Nc3 Bg7 4. e4 d6 5. Be2 O-O 6. Be3 e5 7. d5 a5 8. g4 Na6 9. g5 Ne8 10. h4 f5 11. Nf3 Nc5 12. Nd2 b6 13. h5 Rf7 14. Qc2 Na6 15. Nf3 gxh5 16. Rxh5 f4 17. Bd2 Bf8 18. O-O-O Bg4 19. Rh2 Bxf3 20. Bxf3 Rg7 21. Rg1 Be7 22. Bg4 Bxg5 23. Bf5 Nf6 24. Qd3 Nc5 25. Qh3 Qe7 26. Rhg2 h6 27. Kc2 Kf7 28. f3 Kf8 29. Be1 Qf7 30. Bh4 Ke7 31. Nb5 c6 32. Nc7 Rf8 33. dxc6 Qxc4+ 34. Kb1 Kd8 35. Rc2 Qd3 36. Na8 Rfg8 37. Bxg5 hxg5 38. c7+ Rxc7 39. Nxc7 Kxc7 40. Qh6 Ne8 41. Be6 Rg7 42. Bc4 Qd4 43. Rxg5 Re7 44. Rc1 a4 45. a3 Kd8 46. Rg8 Nd3 47. Bxd3 Qxd3+ 48. Ka1 Qd2 49. Rc3 b5 50. Qh3 Rd7 51. Qe6 1-0

[Event "JUG-ch 56th"]
[Site "Herceg Novi"]
[Date "2001.03.24"]
[Round "2"]
[White "Tosic, Miroslav"]
[Black "Antic, Dejan"]
[Result "1-0"]
[WhiteElo "2519"]
[BlackElo "2481"]
[PlyCount "59"]
[EventDate "2001.03.23"]
[Source "ChessBase"]
[SourceDate "2001.07.05"]

1. d4 Nf6 2. c4 g6 3. Nc3 Bg7 4. e4 d6 5. Be2 O-O 6. Be3 e5 7. d5 Na6 8. Qd2 Nc5 9. f3 a5 10. g4 h5 11. Nh3 hxg4 12. Nf2 gxf3 13. Bxf3 c6 14. h4 cxd5 15. cxd5 Nh5 16. Bxh5 gxh5 17. Qe2 f5 18. Qxh5 f4 19. Bxc5 dxc5 20. Rg1 Qe8 21. Qh6 Rf7 22. O-O-O Ra6 23. d6 Be6 24. Rg6 Qd7 25. Nd5 Bxd5 26. Rxd5 Rf6 27. Ng4 Rxg6 28. Qxg6 Qa4 29. Rxc5 Ra8 30. Rc7 1-0

[Event "JUG Cup"]
[Site "Ulcinj"]
[Date "1998.??.??"]
[Round "7"]
[White "Nevednichy, Vladislav"]
[Black "Dimitrov, Vladimir"]
[Result "1/2-1/2"]
[WhiteElo "2550"]
[BlackElo "2450"]
[PlyCount "27"]
[EventDate "1998.??.??"]
[Source "www.chesslib.no"]
[SourceDate "2004.05.04"]

1. d4 Nf6 2. c4 g6 3. Nc3 Bg7 4. e4 d6 5. Be2 O-O 6. Be3 e5 7. d5 a5 8. g4 Na6 9. g5 Nd7 10. h4 f5 11. f3 Ndc5 12. Nh3 Bd7 13. Nf2 Kf7 14. Nd3 1/2-1/2

[Event "Kopavogur"]
[Site "Kopavogur"]
[Date "1994.??.??"]
[Round "?"]
[White "Kumaran, Dharshan"]
[Black "Hebden, Mark"]
[Result "1-0"]
[WhiteElo "2465"]
[BlackElo "2530"]
[PlyCount "73"]
[EventDate "1994.04.??"]
[Source "ChessBase"]

1. d4 Nf6 2. c4 g6 3. Nc3 Bg7 4. e4 d6 5. Be2 O-O 6. Be3 c5 7. e5 dxe5 8. dxe5 Qxd1+ 9. Rxd1 Ng4 10. Bxc5 Nxe5 11. Nd5 Nbc6 12. f4 Ng4 13. Bf3 Bxb2 14. Ne2 Rb8 15. h3 Nh6 16. Rb1 Bg7 17. Kf2 Bf5 18. Rbd1 Be6 19. g4 f5 20. g5 Nf7 21. Rhe1 Rfc8 22. Nc1 Nfd8 23. Bxe7 Nd4 24. Bd6 Nxf3 25. Kxf3 Bxd5+ 26. cxd5 Rc3+ 27. Kg2 Rc2+ 28. Kg3 Rc3+ 29. Kh4 Bd4 30. Rxd4 Rbc8 31. Nd3 Nf7 32. Be7 h6 33. d6 hxg5+ 34. Bxg5 R8c4 35. Rxc4 Rxc4 36. d7 Rd4 37. Re8+ 1-0

[Event "Douai Op"]
[Site "Douai Op"]
[Date "1993.??.??"]
[Round "4"]
[White "Conquest, Stuart"]
[Black "Gallagher, Joseph G"]
[Result "0-1"]
[WhiteElo "2485"]
[BlackElo "2500"]
[PlyCount "80"]
[EventDate "1993.??.??"]
[Source "www.chesslib.no"]
[SourceDate "2004.05.04"]

1. d4 Nf6 2. c4 g6 3. Nc3 Bg7 4. e4 d6 5. Be2 O-O 6. Be3 e5 7. d5 Na6 8. g4 Nc5 9. f3 a5 10. Qd2 Ne8 11. h4 f5 12. g5 Bd7 13. Nh3 c6 14. exf5 Bxf5 15. Nf2 cxd5 16. cxd5 a4 17. Nce4 Rc8 18. Rc1 b6 19. Qb4 Kh8 20. Rd1 Rb8 21. Ng3 Qd7 22. h5 gxh5 23. Qh4 Bg6 24. Nxh5 Qf7 25. Ne4 Rc8 26. Nhg3 a3 27. b3 Nxe4 28. fxe4 Rc3 29. Rf1 Qe7 30. Rxf8+ Bxf8 31. Bd2 Rc2 32. Bh5 Qf7 33. Bxg6 Qxg6 34. Ke2 Be7 35. Kd3 Rxa2 36. Nf5 Rxd2+ 37. Rxd2 Bxg5 38. Qf2 Bxd2 39. Qxd2 Ng7 40. Ne7 Qf6 0-1

[Event "RUS-Cup3"]
[Site "Omsk"]
[Date "1996.??.??"]
[Round "4"]
[White "Chuprov, Dmitry"]
[Black "Fedorov, Alexei"]
[Result "0-1"]
[WhiteElo "2425"]
[BlackElo "2555"]
[PlyCount "80"]
[EventDate "1996.12.13"]
[Source "ChessBase"]
[SourceDate "1997.04.10"]

1. d4 Nf6 2. c4 g6 3. Nc3 Bg7 4. e4 d6 5. Be2 O-O 6. Be3 Na6 7. g4 e5 8. d5 Nc5 9. f3 a5 10. Qd2 h5 11. h3 c6 12. O-O-O cxd5 13. cxd5 a4 14. Kb1 Bd7 15. Bb5 Qe8 16. Bxd7 Qxd7 17. Nge2 b5 18. Nc1 b4 19. N3e2 Rfb8 20. Rhg1 h4 21. Bf2 Ne8 22. Nd3 Nb3 23. Qe3 Nd4 24. Nxd4 exd4 25. Qd2 Nc7 26. Rc1 Nb5 27. Rc4 b3 28. a3 Rc8 29. Rxc8+ Rxc8 30. Nb4 Rc3 31. f4 Rxh3 32. Nc6 Rh2 33. e5 Kh7 34. Nxd4 Nxd4 35. Qxd4 Qc8 36. Qd2 Qc2+ 37. Qxc2 bxc2+ 38. Kc1 Rxf2 39. exd6 Bd4 40. Re1 h3 0-1

[Event "Mancha Real op 3rd"]
[Site "Mancha Real"]
[Date "2000.07.18"]
[Round "2"]
[White "Rivas Pastor, Manuel"]
[Black "Damljanovic, Branko"]
[Result "0-1"]
[WhiteElo "2420"]
[BlackElo "2559"]
[PlyCount "82"]
[EventDate "2000.07.17"]
[Source "www.chesslib.no"]
[SourceDate "2004.05.04"]

1. d4 Nf6 2. c4 g6 3. Nc3 Bg7 4. e4 d6 5. Be2 O-O 6. Be3 c5 7. e5 Ne8 8. dxc5 Bxe5 9. Qb3 Nc6 10. Nf3 Bg7 11. O-O Qa5 12. cxd6 Nxd6 13. Bd2 Bg4 14. Nd5 Qd8 15. Rad1 Bxf3 16. Bxf3 Nd4 17. Qd3 e6 18. Nf4 Qc7 19. b3 Rad8 20. g3 b5 21. cxb5 Nxf3+ 22. Qxf3 Nxb5 23. Rc1 Nd4 24. Qg2 Qd6 25. Bc3 Qa3 26. Bxd4 Bxd4 27. Rc2 Bb6 28. Qf3 Rd6 29. Rd1 Rfd8 30. Rxd6 Qxd6 31. h4 e5 32. Ng2 e4 33. Qxe4 Qxg3 34. Qe1 h5 35. Re2 Kh7 36. Rd2 Rc8 37. Qd1 Rc6 38. Kf1 Qh3 39. Kg1 Rf6 40. Qe1 Qg3 41. b4 Rf4 0-1

[Event "Chess Congress - Magistrale"]
[Site "Hastings ING"]
[Date "2009.01.02"]
[Round "6"]
[White "Conquest, S."]
[Black "Hendriks, W."]
[Result "1-0"]
[WhiteElo "2526"]
[BlackElo "2447"]
[PlyCount "119"]
[EventDate "2008.12.28"]
[Source "www.chesslib.no"]
[SourceDate "2004.05.04"]

1. d4 Nf6 2. c4 g6 3. Nc3 Bg7 4. e4 d6 5. Be2 O-O 6. Be3 e5 7. d5 Na6 8. g4 Nc5 9. f3 a5 10. h4 c6 11. h5 a4 12. Rb1 cxd5 13. cxd5 Bd7 14. Kf1 Qb8 15. Kg2 b5 16. a3 b4 17. Na2 bxa3 18. bxa3 Nb3 19. Nh3 Rc8 20. hxg6 hxg6 21. Rb2 Rc7 22. Nf2 Qc8 23. Qb1 Qe8 24. Bd3 Rac8 25. Ba6 Ra8 26. Bd3 Rac8 27. Re1 Nh7 28. Nb4 Nd4 29. Ba6 Ra8 30. Qd3 Qe7 31. Rbb1 Qf6 32. Bd2 Ng5 33. Re3 Nb3 34. Bc3 Rb8 35. Nc6 Re8 36. Bb5 Nc5 37. Qe2 Rb7 38. Na5 Bxb5 39. Rxb5 Rc7 40. Rb1 Bh6 41. Rh1 Kg7 42. Bd2 Rh8 43. Rc3 Qe7 44. Nc6 Qe8 45. Be3 Rxc6 46. dxc6 Nge6 47. Rxh6 Rxh6 48. Bxh6+ Kxh6 49. Qd2+ Nf4+ 50. Kh2 Qe7 51. Kg1 Qh4 52. Nh1 Kg7 53. c7 Nh3+ 54. Kg2 Ne6 55. c8=Q Nef4+ 56. Kf1 Ng5 57. Nf2 Qg3 58. Qe3 Qg2+ 59. Ke1 Qg1+ 60. Kd2 1-0

[Event "Bad Homburg"]
[Site "Bad Homburg"]
[Date "1996.??.??"]
[Round "4"]
[White "Boensch, Uwe"]
[Black "Hug, Werner"]
[Result "1/2-1/2"]
[WhiteElo "2525"]
[BlackElo "2445"]
[PlyCount "84"]
[EventDate "1996.07.20"]
[Source "ChessBase"]

1. d4 Nf6 2. c4 d6 3. Nc3 g6 4. e4 Bg7 5. Be2 O-O 6. Be3 a6 7. Nf3 Bg4 8. O-O Bxf3 9. Bxf3 Nfd7 10. Rc1 c5 11. dxc5 dxc5 12. Bg4 e6 13. f4 Qb6 14. Rf2 Rd8 15. Na4 Qc7 16. Rd2 Bd4 17. Bxd4 cxd4 18. e5 Nc5 19. Bf3 a5 20. Kh1 Nxa4 21. Qxa4 Na6 22. c5 Nxc5 23. Qc4 Rac8 24. Rxd4 Rxd4 25. Qxd4 b6 26. Rd1 h5 27. h3 Kg7 28. Kh2 Kf8 29. a3 a4 30. Qb4 Rd8 31. Rxd8+ Qxd8 32. Bc6 h4 33. Bxa4 Qd3 34. Bc6 Qg3+ 35. Kh1 Kg7 36. Bb5 Qe3 37. f5 Ne4 38. fxe6 Qc1+ 39. Kh2 Qf4+ 40. Kg1 Qe3+ 41. Kh2 Qf4+ 42. Kg1 Qe3+ 1/2-1/2

[Event "Groningen op"]
[Site "Groningen"]
[Date "1995.??.??"]
[Round "?"]
[White "Soffer, Ram"]
[Black "Avrukh, Boris"]
[Result "1/2-1/2"]
[WhiteElo "2530"]
[BlackElo "2430"]
[PlyCount "37"]
[EventDate "1995.12.??"]
[Source "ChessBase"]

1. c4 Nf6 2. Nc3 g6 3. e4 d6 4. d4 Bg7 5. Be2 O-O 6. Be3 Nc6 7. d5 Nb4 8. Nf3 Bg4 9. O-O Nd7 10. a3 Na6 11. Nd4 Bxe2 12. Qxe2 Nac5 13. Qc2 Ne5 14. b4 Ncd7 15. Qe2 c5 16. dxc6 Nxc6 17. Nxc6 bxc6 18. Rac1 Qc8 19. Rfd1 1/2-1/2

[Event "New York Marshall"]
[Site "New York, NY USA"]
[Date "1995.??.??"]
[Round "3"]
[White "Kumaran, Dharshan"]
[Black "Brooks, Michael A"]
[Result "0-1"]
[WhiteElo "2505"]
[BlackElo "2445"]
[PlyCount "72"]
[EventDate "1995.??.??"]
[Source "www.chesslib.no"]
[SourceDate "2004.05.04"]

1. d4 Nf6 2. c4 g6 3. Nc3 Bg7 4. e4 d6 5. Be2 O-O 6. Be3 e5 7. d5 Na6 8. g4 Nc5 9. f3 h5 10. g5 Nh7 11. h4 f6 12. Qd2 fxg5 13. hxg5 a5 14. O-O-O a4 15. Nh3 Bxh3 16. Rxh3 Rf4 17. Rg1 Qd7 18. Rh2 Qf7 19. Bd1 Nf8 20. Kb1 Nfd7 21. b4 axb3 22. axb3 Nb6 23. Qe2 Qe8 24. b4 Nca4 25. Nxa4 Nxa4 26. Qd3 b5 27. Ra2 bxc4 28. Qxc4 Rf8 29. Ka1 Nb6 30. Qc6 Rxa2+ 31. Kxa2 Qb8 32. Kb2 Qa7 33. Qc3 Nc4+ 34. Qxc4 Qxe3 35. Rg2 Ra8 36. Qc3 Ra2+ 0-1

[Event "FSGM July"]
[Site "Budapest"]
[Date "2004.07.12"]
[Round "10"]
[White "Reiss, Tibor"]
[Black "Ilincic, Zlatko"]
[Result "0-1"]
[WhiteElo "2408"]
[BlackElo "2538"]
[PlyCount "108"]
[EventDate "2004.07.03"]
[Source "Roberto Alvarez"]
[SourceDate "2004.07.12"]

1. d4 Nf6 2. c4 g6 3. Nc3 Bg7 4. e4 O-O 5. Be2 d6 6. Be3 Na6 7. g4 e5 8. d5 Nc5 9. f3 c6 10. h4 cxd5 11. cxd5 Bd7 12. Qd2 h5 13. g5 Ne8 14. Nh3 Nc7 15. Nf2 b5 16. b4 Na4 17. Nfd1 Nxc3 18. Qxc3 a5 19. bxa5 Na6 20. Bb6 Qe7 21. Qd2 f6 22. Rc1 fxg5 23. Qxg5 Qf7 24. Nf2 Kh7 25. Qg3 Bh6 26. Rc2 Rfc8 27. Rxc8 Rxc8 28. Nd3 Rc2 29. a3 b4 30. Nxb4 Nxb4 31. axb4 Rc1+ 32. Bd1 Ba4 33. Ke2 Bf4 34. Qh3 Bd7 35. Qg2 Rb1 36. Kd3 Qe8 37. Kc2 Rxb4 38. Kc3 Rb1 39. Kc2 Rc1+ 40. Kb2 Qc8 41. Bc2 Rxh1 42. Qxh1 Bd2 43. Bb3 Qc3+ 44. Ka2 Bb5 45. Qb1 Qxf3 46. Qc2 Bc3 47. Bd8 Qe3 48. Bb6 Qe1 49. Qb1 Bxa5 50. Qxe1 Bxe1 51. Bc7 Bxh4 52. Bxd6 Bf6 53. Bc7 Bd7 54. Ka3 h4 0-1

[Event "Copenhagen op"]
[Site "Copenhagen"]
[Date "1998.06.30"]
[Round "9"]
[White "Djurhuus, Rune"]
[Black "Hoi, Carsten"]
[Result "1-0"]
[WhiteElo "2510"]
[BlackElo "2430"]
[PlyCount "107"]
[EventDate "1998.06.??"]
[Source "www.chesslib.no"]
[SourceDate "2004.05.04"]

1. c4 g6 2. d4 Bg7 3. e4 d6 4. Nc3 Nf6 5. Be2 O-O 6. Be3 Nc6 7. d5 Ne5 8. h3 e6 9. f4 Ned7 10. dxe6 fxe6 11. g4 b6 12. Qc2 Bb7 13. Bf3 e5 14. f5 gxf5 15. gxf5 c6 16. O-O-O d5 17. exd5 e4 18. Nxe4 Nxe4 19. dxc6 Bxc6 20. Bxe4 Qc7 21. Nf3 Bxe4 22. Qxe4 Rae8 23. Qd3 Nc5 24. Qd5+ Kh8 25. Bd4 Qf4+ 26. Kb1 Qxf5+ 27. Qxf5 Rxf5 28. Bxg7+ Kxg7 29. Rhg1+ Kf6 30. Nd4 Rf2 31. Rdf1 Rxf1+ 32. Rxf1+ Kg6 33. b4 Nd3 34. a3 Re4 35. Nc6 a6 36. Rf3 Nf4 37. Kb2 Kg5 38. Kc3 Kh4 39. Nb8 Nxh3 40. Nxa6 Nf4 41. c5 bxc5 42. Nxc5 Nd5+ 43. Kb3 Rd4 44. b5 h5 45. Ne6 Re4 46. Rd3 Nb6 47. Rd6 Nc8 48. Rd8 Nb6 49. Rd6 Nc8 50. Rd8 Nb6 51. Nd4 Kg4 52. a4 Re3+ 53. Kb4 Re1 54. a5 1-0

[Event "Ostende op"]
[Site "Ostende"]
[Date "1991.??.??"]
[Round "8"]
[White "Sadler, Matthew"]
[Black "Apicella, Manuel"]
[Result "1/2-1/2"]
[WhiteElo "2480"]
[BlackElo "2455"]
[PlyCount "69"]
[EventDate "1991.09.??"]
[Source "ChessBase"]

1. d4 Nf6 2. c4 g6 3. Nc3 Bg7 4. e4 d6 5. Be2 O-O 6. Be3 e5 7. d5 Na6 8. g4 Nc5 9. f3 a5 10. h4 h5 11. g5 Nfd7 12. Nh3 Nb6 13. Qd2 a4 14. O-O-O Qe7 15. Nb5 Bxh3 16. Rxh3 Rfc8 17. Qb4 Bf8 18. Kb1 Ncd7 19. Nc3 c5 20. Qa3 Nb8 21. Nb5 Na6 22. Qd3 Nc7 23. Nc3 Rcb8 24. Rf1 Bg7 25. Rh2 Rf8 26. Rg1 Nd7 27. a3 Ra6 28. Qd1 Rfa8 29. Bd3 Qe8 30. Qc2 Ra5 31. Rhg2 Nf8 32. Rf1 Nd7 33. Ka1 R5a6 34. Qd1 Ra5 35. Qc2 1/2-1/2

[Event "FRA"]
[Site "France"]
[Date "1993.??.??"]
[Round "?"]
[White "Conquest, Stuart"]
[Black "Sharif, Mershad"]
[Result "1-0"]
[WhiteElo "2495"]
[BlackElo "2420"]
[PlyCount "49"]
[EventDate "1993.??.??"]
[Source "www.chesslib.no"]
[SourceDate "2004.05.04"]

1. c4 Nf6 2. Nc3 g6 3. e4 d6 4. d4 Bg7 5. Be2 O-O 6. Be3 e5 7. d5 Ne8 8. g4 f5 9. gxf5 gxf5 10. exf5 Bxf5 11. Nf3 Na6 12. Rg1 Qe7 13. Qd2 c5 14. O-O-O Kh8 15. Rg3 Bf6 16. Bh6 Rg8 17. Ng5 Bg7 18. Rdg1 Nac7 19. Bh5 Bg6 20. Bxg7+ Rxg7 21. Bxg6 Rxg6 22. Nce4 Rd8 23. Nxh7 Qxh7 24. Ng5 Qh5 25. Nf7+ 1-0

[Event "Wildbad"]
[Site "Wildbad"]
[Date "1990.??.??"]
[Round "8"]
[White "Sadler, Matthew"]
[Black "Roeder, Mathias"]
[Result "1-0"]
[WhiteElo "2470"]
[BlackElo "2445"]
[PlyCount "87"]
[EventDate "1990.??.??"]
[Source "www.chesslib.no"]
[SourceDate "2004.05.04"]

1. d4 Nf6 2. c4 g6 3. Nc3 Bg7 4. e4 d6 5. Be2 O-O 6. Be3 e5 7. d5 Na6 8. g4 Nc5 9. f3 a5 10. h4 c6 11. h5 a4 12. Nh3 cxd5 13. cxd5 Qa5 14. hxg6 hxg6 15. Rc1 a3 16. b3 Bxg4 17. Bxc5 Bxh3 18. Bxd6 Bg2 19. b4 Qd8 20. Bxf8 Bxh1 21. Bxg7 Kxg7 22. Kd2 Bg2 23. Qg1 Bh3 24. Qh2 Qb6 25. Qxh3 Qd4+ 26. Kc2 Rh8 27. Qf1 Rc8 28. Qe1 Qxb4 29. Rb1 Qa4+ 30. Rb3 Qa5 31. Bb5 Nh5 32. Qc1 Rxc3+ 33. Rxc3 Qxb5 34. Qxa3 Nf4 35. Qe7 Qe2+ 36. Kb3 Qd1+ 37. Ka3 Nd3 38. Qxb7 Qd2 39. Qb3 Nf4 40. Rc2 Qa5+ 41. Kb2 Qa6 42. Qc3 Kh7 43. a3 Nd3+ 44. Ka2 1-0

[Event "Ilioupolis"]
[Site "Ilioupolis"]
[Date "1995.??.??"]
[Round "5"]
[White "Atalik, Suat"]
[Black "Cela, Altin"]
[Result "1/2-1/2"]
[WhiteElo "2500"]
[BlackElo "2405"]
[PlyCount "83"]
[EventDate "1995.??.??"]
[Source "ChessBase"]

1. d4 Nf6 2. c4 g6 3. Nc3 Bg7 4. e4 d6 5. Be2 O-O 6. Be3 e5 7. d5 a5 8. g4 Na6 9. g5 Ne8 10. h4 f5 11. gxf6 Nxf6 12. h5 Nc5 13. hxg6 Ncxe4 14. gxh7+ Kh8 15. Nxe4 Nxe4 16. Bd3 Nc5 17. Bxc5 e4 18. Be3 exd3 19. Nf3 Qf6 20. Nh4 Bf5 21. Nxf5 Qxf5 22. Qh5 Qf6 23. Rb1 Rae8 24. Kd2 Re4 25. Kxd3 Rd4+ 26. Ke2 Rxc4 27. Rhg1 Rc2+ 28. Kd3 Rxb2 29. Rxg7 Rxb1 30. Bd4 Qf3+ 31. Qxf3 Rxf3+ 32. Ke4 Rb4 33. Rxc7+ Rxd4+ 34. Kxf3 Rxd5 35. Kg4 Rd2 36. f4 Rxa2 37. Rxb7 a4 38. Kf5 a3 39. Ra7 Ra1 40. Kg6 Rg1+ 41. Kf6 Ra1 42. Kg6 1/2-1/2

[Event "Master Open"]
[Site "Singapore"]
[Date "2004.12.14"]
[Round "5"]
[White "Goh Koon Jong, J."]
[Black "Wang Rui"]
[Result "1-0"]
[WhiteElo "2419"]
[BlackElo "2484"]
[PlyCount "85"]
[EventDate "2004.12.11"]
[Source "Roberto Alvarez"]
[SourceDate "2004.12.13"]

1. d4 Nf6 2. c4 g6 3. Nc3 Bg7 4. e4 d6 5. Be2 O-O 6. Be3 c6 7. f4 e5 8. fxe5 dxe5 9. d5 cxd5 10. cxd5 Ne8 11. Nf3 Nd6 12. O-O Bg4 13. Nd2 Bxe2 14. Qxe2 Nd7 15. Rac1 Qh4 16. Bf2 Qe7 17. Nb5 Bh6 18. Rc7 Qd8 19. Rc2 Rc8 20. Rxc8 Nxc8 21. Nf3 a6 22. Na3 Nd6 23. Nc4 Qe7 24. Nxd6 Qxd6 25. Qc4 Re8 26. Rd1 Nf6 27. h3 Rd8 28. a3 Rd7 29. b4 Rc7 30. Qd3 Nd7 31. Nd2 Bxd2 32. Rxd2 Rc1+ 33. Rd1 Qc7 34. Rxc1 Qxc1+ 35. Kh2 h5 36. Be3 Qe1 37. Bd2 Qd1 38. Qc3 Kg7 39. Bg5 Qd4 40. Qc7 Nf8 41. Qe7 Nh7 42. Bh4 Qxe4 43. d6 1-0

[Event "XI Festival"]
[Site "Voronezh RUS"]
[Date "2007.06.18"]
[Round "6"]
[White "Kiselev, Vi2"]
[Black "Can, E."]
[Result "0-1"]
[WhiteElo "2495"]
[BlackElo "2404"]
[PlyCount "52"]
[EventDate "2007.06.12"]
[Source "www.chesslib.no"]
[SourceDate "2004.05.04"]

1. d4 Nf6 2. c4 g6 3. Nc3 Bg7 4. e4 d6 5. Be2 O-O 6. Be3 e5 7. d5 a5 8. g4 Na6 9. h4 Nc5 10. Bf3 c6 11. g5 Nfd7 12. Nge2 Nb6 13. b3 cxd5 14. cxd5 f5 15. Bg2 Bd7 16. f3 Rc8 17. Qd2 Na8 18. Nc1 Nc7 19. Nd3 N7a6 20. O-O f4 21. Bf2 h6 22. gxh6 Bf6 23. Nxc5 Nxc5 24. Rfc1 Bxh4 25. Nd1 Kf7 26. Nb2 b5 0-1